<?xml version="1.0" encoding="UTF-8"?>
<record
    xmlns:xsi="http://www.w3.org/2001/XMLSchema-instance"
    xsi:schemaLocation="http://www.loc.gov/MARC21/slim http://www.loc.gov/standards/marcxml/schema/MARC21slim.xsd"
    xmlns="http://www.loc.gov/MARC21/slim">

  <leader>01297nam a22001697a 4500</leader>
  <controlfield tag="005">20250726095252.0</controlfield>
  <controlfield tag="008">250726b        |||||||| |||| 00| 0 eng d</controlfield>
  <datafield tag="020" ind1=" " ind2=" ">
    <subfield code="a">9780130607959</subfield>
    <subfield code="q">Paperback</subfield>
  </datafield>
  <datafield tag="082" ind1=" " ind2=" ">
    <subfield code="a">507.1</subfield>
    <subfield code="b">EBE</subfield>
  </datafield>
  <datafield tag="100" ind1=" " ind2=" ">
    <subfield code="a">Jazlin V. Ebenezer &amp; Eddy Lau</subfield>
  </datafield>
  <datafield tag="245" ind1=" " ind2=" ">
    <subfield code="a">Science On The Internet:</subfield>
    <subfield code="b">: a resource for k&#x2013;12 teachers</subfield>
    <subfield code="c">Jazlin V. Ebenezer &amp; Eddy Lau</subfield>
  </datafield>
  <datafield tag="250" ind1=" " ind2=" ">
    <subfield code="a">2002 (second edition)</subfield>
  </datafield>
  <datafield tag="260" ind1=" " ind2=" ">
    <subfield code="a">Upper Saddle River, Nj, Usa</subfield>
    <subfield code="b">Merrill / Prentice Hall (Pearson Education)</subfield>
    <subfield code="c">2002</subfield>
  </datafield>
  <datafield tag="300" ind1=" " ind2=" ">
    <subfield code="a">131</subfield>
  </datafield>
  <datafield tag="520" ind1=" " ind2=" ">
    <subfield code="a">This guide is designed to help K&#x2013;12 science teachers effectively integrate the Internet into their teaching practice. It offers curated web resources, instructional strategies, and case studies to support Internet literacy and science curriculum development.

🌐 Introduces the basics of Internet navigation and search techniques

🧪 Provides annotated lists of science education websites aligned with curriculum standards

🧩 Includes virtual field trips, real-time data sources, and inquiry-based activities

🧑&#x200D;🏫 Features case studies of teachers using the Internet in elementary, middle, and secondary classrooms

📚 Covers topics like conceptual change, multicultural science education, and assessment strategies</subfield>
  </datafield>
  <datafield tag="942" ind1=" " ind2=" ">
    <subfield code="c">ENGLISH</subfield>
  </datafield>
  <datafield tag="999" ind1=" " ind2=" ">
    <subfield code="c">577485</subfield>
    <subfield code="d">577485</subfield>
  </datafield>
  <datafield tag="952" ind1=" " ind2=" ">
    <subfield code="0">0</subfield>
    <subfield code="1">0</subfield>
    <subfield code="4">0</subfield>
    <subfield code="7">0</subfield>
    <subfield code="a">ACL</subfield>
    <subfield code="b">ACL</subfield>
    <subfield code="c">5A</subfield>
    <subfield code="d">2010-09-01</subfield>
    <subfield code="l">0</subfield>
    <subfield code="o">507.1 EBE</subfield>
    <subfield code="p">213434</subfield>
    <subfield code="r">2025-07-26 09:53:19</subfield>
    <subfield code="w">2025-07-26</subfield>
    <subfield code="y">ENGLISH</subfield>
  </datafield>
</record>
